000 00997cab a2200277 4500
001 ABS58772
008 090401t1998 xxu||||| |||| 00| 0 eng d
035 _a(Sirsi) u86299
041 _aeng
100 _aKitchen, T.
245 _aTime to rethink the system?
260 _c1998
350 _a0
490 _aTown & Country Planning
_v67(3) April 1998, 98-99(2)
520 _aArgues that Government`s current consultation on local plan delivery is too restricting, and that it should rather be used as an `immediate action` component of a wider discussion on what society wants to achieve from development plans. Critique of the contribution development plans make to urban regeneration.
650 _aBEST VALUE
650 _aDEVELOPMENT PLANS
650 _aLOCAL DEVELOPMENT PLANS
650 _aPLANNING ISSUES
650 _aPLANNING SYSTEM
650 _aREFORM
650 _aURBAN REGENERATION
690 _aPLANNING LAW AND PRACTICE
942 _n0
948 _c19/05/1998
999 _c54299
_d54299